Legal status and deprivation in urban slums over two decades (Record no. 506178)

000 -LEADER
fixed length control field 00465nam a2200169Ia 4500
008 - FIXED-LENGTH DATA ELEMENTS--GENERAL INFORMATION
fixed length control field 181130s2018 xx 000 0 und d
100 ## - MAIN ENTRY--PERSONAL NAME
Personal name Nolan, Laura B.
245 ## - TITLE STATEMENT
Title Legal status and deprivation in urban slums over two decades
260 ## - PUBLICATION, DISTRIBUTION, ETC.
Date of publication, distribution, etc. 2018
300 ## - PHYSICAL DESCRIPTION
Extent p.47-55.
504 ## - BIBLIOGRAPHY, ETC. NOTE
-- 14-Apr
650 ## - SUBJECT ADDED ENTRY--TOPICAL TERM
Topical term or geographic name entry element Slums
650 ## - SUBJECT ADDED ENTRY--TOPICAL TERM
Topical term or geographic name entry element Slums - India
700 ## - ADDED ENTRY--PERSONAL NAME
Personal name Bloom, David E. and Subbaraman, Ramnath
773 ## - HOST ITEM ENTRY
Main entry heading Economic and Political Weekly
906 ## - LOCAL DATA ELEMENT F, LDF (RLIN)
a Slums
Holdings
Withdrawn status Lost status Damaged status Not for loan Permanent Location Current Location Date acquired Serial Enumeration / chronology Barcode Date last seen Price effective from Koha item type
        Indian Institute of Public Administration Indian Institute of Public Administration 2018-12-07 53(15), 14-Apr, 2018: p.47-55. AR117973 2018-12-07 2018-12-07 Articles

Powered by Koha